000 00992cam a2200277 a 4500
003 OSt
005 20210317114603.0
008 931117r1999uuuusp a rd 000 0 spa d
020 _a8471891638
020 _a8471891646 (T.1)
020 _a8471891654 (T.2)
040 _aCO-BoPUJ
_cCO-JMCR
041 1 _aspa
_hita
082 0 4 _aR / 330.3 /
_bN216d
_223
100 1 _aNapoleoni, Claudio,
_eautor
_94698
245 1 0 _aDiccionario de economía política /
_cClaudio Napoleoni ; traducción José Blasco Martin, Adolfo Iranzo González y Pablo Ortega Rosales
260 _aValencia :
_bAlfredo Ortells,
_c1999.
300 _a2 volúmenes ;
_c23 cm.
504 _aIncluye referencias bibliográficas.
505 0 _gV. 1.
_tA-E. --
_gV. 2.
_tF-Z.
650 2 4 _aEconomía
_vdiccionarios
_936215
700 1 _aBlasco Martin, José,
_etraductor
_936216
700 1 _aIranzo González, Adolfo,
_etraductor
_936217
700 1 _aOrtega Rosales, Pablo,
_etraductor
_936218
942 _2ddc
_cBK
999 _c15408
_d15408